000 00648cam a2200193 4500
001 WB3638-28
008 000000n2000 000 0 eng u
035 _a(Sirsi) u108490
245 _aRICS and IBC progress
260 _c2000
490 _aRICS Press Release
_v(107) 26 September 2000, (2)
520 _aRICS discussions with the Institute of Building Control are progressing well with a merger likely next year. IBC members will vote on dissolving their current structure on 19 October.
590 _aWB
650 _aRICS
650 _aINSTITUTE OF BUILDING CONTROL
650 _aMERGER NEGOTIATIONS
690 _aRICS
942 _n0
999 _c64773
_d64773